| 000 -CABECERA |
| Longitud fija campo de control |
01565cas a2200397 a 4500 |
| 001 - NÚMERO DE CONTROL |
| Número de control |
991042020069706706 |
| 003 - IDENTIFICADOR DEL NÚMERO DE CONTROL |
| Identificador del número de control |
OSt |
| 005 - FECHA Y HORA DE LA ÚLTIMA TRANSACCIÓN |
| Fecha y hora de la última transacción |
20240223110249.0 |
| 007 - CAMPO FIJO DE DESCRIPCIÓN FÍSICA |
| Campo fijo de descripción f&íacute;sica |
cr ||||||||||| |
| 008 - CÓDIGOS DE INFORMACIÓN DE LONGITUD FIJA |
| Códigos de información de longitud fija |
120216c20119999sp fr p|o|||| 0|| b|mul| |
| 022 ## - NÚMERO INTERNACIONAL NORMALIZADO PARA PUBLICACIONES SERIADAS |
| Número Internacional Normalizado para Publicaciones Seriadas |
2014-5039 |
| ISSN-L |
2462-6384 |
| 035 ## - NÚMERO DE CONTROL DEL SISTEMA |
| Número de control del sistema |
(ES-BaCBU).b52299867 |
| 040 ## - FUENTE DE LA CATALOGACIÓN |
| Centro catalogador de origen |
ES-BaBC |
| Lengua de catalogación |
cat |
| Centro transcriptor |
CDMR |
| Centro modificado |
CDMR |
| 041 ## - CÓDIGO DE LENGUA |
| Código de lengua del texto/banda sonora o título independiente |
cat |
| Código de lengua del sumario o resumen |
por |
| 043 ## - CÓDIGO DE ÁREA GEOGRÁFICA |
| Código de área geográfica |
e-sp--- |
| Código local GAC |
e-spc-- |
| Fuente del código local |
catmarc |
| 044 ## - CÓDIGO DEL PAÍS DE LA ENTIDAD EDITORA/PRODUCTORA |
| Código ISO del país |
esp |
| 080 ## - NÚMERO DE LA CLASIFICACIÓN DECIMAL UNIVERSAL |
| Número de la Clasificación Decimal Universal |
654(467.1)(05) |
| 245 00 - MENCIÓN DE TÍTULO |
| Título |
Obra digital |
| Medio |
[Recurs electrònic] : |
| Resto del título |
e-monografies en l'àmbit de la comunicació digital |
| 260 ## - PUBLICACIÓN, DISTRIBUCIÓN, ETC. (PIE DE IMPRENTA) |
| Lugar de publicación, distribución, etc. |
[Vic] : |
| Nombre del editor, distribuidor, etc. |
Grup de recerca Interaccions Digitals de la Universitat de Vic, |
| Fecha de publicación, distribución, etc. |
2011- |
| 310 ## - PERIODICIDAD ACTUAL |
| Periodicidad actual |
Semestral |
| 362 0# - FECHAS DE PUBLICACIÓN Y/O DESIGNACIÓN SECUENCIAL |
| Fecha de publicación y/o designación secuencial |
Núm. 1 (set. 2011)- |
| 500 ## - NOTA GENERAL |
| Nota general |
Descripció del recurs: 16 febr. 2012 |
| 500 ## - NOTA GENERAL |
| Nota general |
El terme "arrova" del títol està representat pel seu símbol |
| 500 ## - NOTA GENERAL |
| Nota general |
Cada núm. té un títol distintiu |
| 500 ## - NOTA GENERAL |
| Nota general |
A partir del núm. 11, també es publica en versió impresa |
| 500 ## - NOTA GENERAL |
| Nota general |
A partir del núm. 3 la llengua de la publicació és el castellà i el portuguès |
| 504 ## - NOTA DE BIBLIOGRAFÍA, ETC |
| Nota de bibliografía, etc. |
Bibliografia |
| 546 ## - NOTA DE LENGUA |
| Nota de lengua |
Text en català i portuguès |
| 650 #7 - PUNTO DE ACCESO ADICIONAL DE MATERIA - TÉRMINO DE MATERIA |
| Término de materia o nombre geográfico como elemento inicial |
Comunicació audiovisual |
| Subdivisión geográfica |
Catalunya |
| Subdivisión de materia general |
Revistes. |
| Fuente del encabezamiento o término |
lemac |
| 710 ## - PUNTO DE ACCESO ADICIONAL - NOMBRE DE ENTIDAD |
| Nombre de entidad o nombre de jurisdicción como elemento inicial |
Grup de recerca d'interaccions digitals |
| 9 (RLIN) |
2907 |
| 856 40 - LOCALIZACIÓN Y ACCESO ELECTRÓNICO |
| Nota pública |
Accés lliure |
| Identificador Uniforme del Recurso (URI) |
<a href="https://revistesdigitals.uvic.cat/index.php/obradigital/issue/archive">https://revistesdigitals.uvic.cat/index.php/obradigital/issue/archive</a> |
| 907 ## - ELEMENTO G DATOS LOCALES, GDL (RLIN) |
| a |
.b52299867 |
| b |
18-06-21 |
| c |
16-02-12 |
| d |
16-02-12 |
| e |
s |
| f |
v |
| g |
- |
| h |
cat |
| i |
spc |
| j |
0 |
| k |
0 |
| 908 ## - CONTROL DE PARÁMETROS (RLIN) |
| Parametro de comando lanzado |
UPC |
| -- |
UPF |
| -- |
UdL |
| -- |
UdG |
| -- |
URV |
| -- |
UVic-UCC |
| -- |
BC |
| -- |
UAB |
| -- |
UB |
| 940 ## - |
| T&íacute;tulo uniforme |
<a href="BC">BC</a> |
| 942 ## - ENTRADA DE ELEMENTOS AGREGADOS (KOHA) |
| Fuente de clasificaión o esquema |
|
| Koha [por defecto] tipo de item |
Publicacions periòdiques en línia |